[Event "Mondiale Lampo FIDE 2019"]
[Site "Mosca"]
[Date "29.12.2019"]
[Round "4.94"]
[White "Guimaraes, Diogo Duarte"]
[Black "Christiansen, Johan-Sebastian"]
[Result "0-1"]
[WhiteTitle "FM"]
[BlackTitle "GM"]
[WhiteElo "2322"]
[BlackElo "2597"]
[WhiteFideId "2112450"]
[BlackFideId "1512668"]
[EventDate "2019.12.29"]

1. e4 e5 2. Nf3 Nc6 3. Bc4 Nf6 4. Ng5 d5 5. exd5 Na5 6. Bb5+ c6 7. dxc6 bxc6 8.
Qf3 Be7 9. Bxc6+ Nxc6 10. Qxc6+ Bd7 11. Qa6 O-O 12. O-O h6 13. Nf3 Qc7 14. Re1
e4 15. Nc3 Bc8 16. Nb5 Qc5 17. d4 Bxa6 18. dxc5 Bxb5 19. Nd4 Ba6 20. b4 Bc4 21.
Nc6 Rfe8 22. a4 Bd5 23. Nxe7+ Rxe7 24. b5 a6 25. Be3 Bc4 26. Rab1 axb5 27. axb5
Rb7 28. b6 Bd5 29. c4 Bc6 30. Red1 Ne8 31. Rd4 Ra4 32. h4 Kh7 33. Rbd1 Ra5 34.
Rd8 Nf6 35. R8d6 Ba4 36. Re1 0-1

[Event "Mondiale Lampo FIDE 2019"]
[Site "Mosca"]
[Date "29.12.2019"]
[Round "4.95"]
[White "Gasanov, Eldar"]
[Black "Makarian, Rudik"]
[Result "1-0"]
[WhiteTitle "GM"]
[BlackTitle "IM"]
[WhiteElo "2481"]
[BlackElo "2397"]
[WhiteFideId "14104466"]
[BlackFideId "44105681"]
[EventDate "2019.12.29"]

1. d4 Nf6 2. c4 g6 3. Nc3 Bg7 4. e4 O-O 5. Bg5 d6 6. Qd2 c5 7. d5 e5 8. Bd3 Qe8
9. Nge2 a6 10. f3 h5 11. O-O Nbd7 12. Kh1 Nh7 13. Bh6 Qe7 14. Bxg7 Kxg7 15. Rae1
Re8 16. a3 Qg5 17. Qxg5 Nxg5 18. b4 a5 19. Nb5 axb4 20. Nc7 Rxa3 21. Nxe8+ Kf8
22. Nxd6 Nb6 23. Bc2 Ra2 24. Bb3 Rb2 25. Nc1 Bd7 26. Nxb7 h4 27. Re2 Rb1 28.
Nxc5 Ke7 29. Ba2 Ra1 30. N5b3 Rxa2 31. Rxa2 Nxc4 32. Nd3 h3 33. gxh3 Bxh3 34.
Rff2 Ne3 35. Nbc5 Nd1 36. Rfd2 Nc3 37. Ra7+ Kf8 38. f4 Nf3 39. Rf2 Nd4 40. fxe5
Nd1 41. Rfxf7+ Kg8 42. Rg7+ Kh8 43. Rh7+ Kg8 44. Rag7+ Kf8 45. e6 Ne2 46. Nd7+ 1-0

[Event "Mondiale Lampo FIDE 2019"]
[Site "Mosca"]
[Date "29.12.2019"]
[Round "4.96"]
[White "Faizrakhmanov, Ramil"]
[Black "Bologan, Victor"]
[Result "0-1"]
[WhiteTitle "IM"]
[BlackTitle "GM"]
[WhiteElo "2434"]
[BlackElo "2574"]
[WhiteFideId "24103209"]
[BlackFideId "13900048"]
[EventDate "2019.12.29"]

1. d4 d6 2. Nf3 Nf6 3. c4 g6 4. Nc3 Bf5 5. Qb3 b6 6. g3 Bg7 7. Bg2 Nc6 8. d5 Na5
9. Qd1 O-O 10. Nd4 Bd7 11. b3 e5 12. dxe6 fxe6 13. O-O Rb8 14. Bb2 a6 15. Qd2
Qe7 16. e4 Rbd8 17. Rfe1 c5 18. Nc2 Nc6 19. Rad1 Bc8 20. h3 Qf7 21. Qe3 e5 22.
Nd5 Nd4 23. Qd2 Nxd5 24. Nxd4 Nf4 25. Nc6 Nxh3+ 26. Bxh3 Bxh3 27. Kh2 Bg4 28.
Nxd8 Rxd8 29. Qe3 Rf8 30. Kg1 Bh6 31. f4 Bxd1 32. Rxd1 exf4 33. Qc3 Bg7 34.
Qxg7+ Qxg7 35. Bxg7 Kxg7 36. Rxd6 fxg3 37. Rxb6 h5 38. Rb7+ Kh6 39. Rd7 h4 40.
Rd3 Rf2 41. e5 Rxa2 42. Re3 Kg7 43. e6 Kf8 44. Kh1 Ke7 45. Kg1 a5 46. Kh1 g5 47.
Kg1 a4 48. bxa4 Rxa4 0-1

[Event "Mondiale Lampo FIDE 2019"]
[Site "Mosca"]
[Date "29.12.2019"]
[Round "4.97"]
[White "Makoveev, Ilya"]
[Black "Potkin, Vladimir"]
[Result "0-1"]
[WhiteTitle "FM"]
[BlackTitle "GM"]
[WhiteElo "2277"]
[BlackElo "2583"]
[WhiteFideId "34155748"]
[BlackFideId "4131061"]
[EventDate "2019.12.29"]

1. e4 c5 2. Nf3 e6 3. d4 cxd4 4. Nxd4 Nc6 5. Nc3 Qc7 6. g3 a6 7. Bg2 d6 8. O-O
Bd7 9. Be3 Nf6 10. Qe2 Be7 11. a4 Ne5 12. Rad1 O-O 13. h3 Rac8 14. Kh1 Nc4 15.
Bc1 Ne5 16. f4 Nc6 17. Nb3 Rb8 18. e5 Ne8 19. exd6 Nxd6 20. Nc5 Rbd8 21. f5 Nxf5
22. Rxf5 exf5 23. Nd5 Qxg3 24. Bf4 Qh4 25. Nxe7+ Nxe7 26. Nxd7 Rfe8 27. Bc7 Ng6
28. Qf1 Rc8 29. Bh2 Rxc2 30. Qxf5 Re1+ 31. Rxe1 Qxe1+ 32. Bg1 Rc1 33. Nf6+ gxf6 0-1

[Event "Mondiale Lampo FIDE 2019"]
[Site "Mosca"]
[Date "29.12.2019"]
[Round "4.98"]
[White "Mikhailovsky, Vladimir"]
[Black "Mamatov, Melis"]
[Result "0-1"]
[WhiteTitle "CM"]
[WhiteElo "2209"]
[BlackElo "2292"]
[WhiteFideId "34105414"]
[BlackFideId "13800027"]
[EventDate "2019.12.29"]

1. e4 c5 2. d4 cxd4 3. c3 d3 4. Bxd3 d6 5. Nf3 Nf6 6. O-O Nc6 7. Qe2 e6 8. Nbd2
Be7 9. Nc4 O-O 10. Rd1 Qc7 11. h3 a6 12. a4 b6 13. Bf4 e5 14. Bg5 Be6 15. Ne3 a5
16. Bxf6 Bxf6 17. Bc4 Ne7 18. Nd5 Nxd5 19. Bxd5 Rac8 20. Rd3 Be7 21. Rad1 Bxd5
22. Rxd5 f5 23. Nxe5 dxe5 24. Rd7 Qc4 25. Qxc4+ Rxc4 26. Rxe7 Rc6 27. exf5 Rxf5
28. Rd8+ Rf8 29. Rdd7 Rg6 30. Rxe5 h6 31. Red5 Rff6 32. g3 Re6 33. Kg2 Re2 34.
Rd2 Ree6 35. g4 h5 36. Kg3 hxg4 37. hxg4 Re4 38. f4 Re3+ 39. Kf2 Rh3 40. g5 Re6
41. Rd8+ Kh7 42. f5 Rh2+ 43. Kg3 Rxd2 44. Rxd2 Re4 45. Rd4 Re2 46. b4 Re3+ 47.
Kf4 Rxc3 48. Ke5 axb4 49. Rxb4 Rc5+ 50. Ke6 Rc6+ 51. Kf7 Rc7+ 52. Ke6 Rc6+ 53.
Kd7 Rc5 54. Rf4 b5 55. Kd6 Rc4 56. Rf1 bxa4 57. Rh1+ Kg8 58. g6 Rc8 59. Ra1 Ra8
60. Kc6 Kf8 61. Kb7 Ra5 62. Rf1 Ke7 63. f6+ gxf6 64. g7 Rg5 65. Ra1 Rxg7 66.
Rxa4 Rg1 67. Kc6 Rd1 68. Re4+ Kf7 69. Kc5 Kg6 70. Rg4+ Kf5 71. Rg2 Kf4 72. Rf2+
Kg5 73. Rg2+ Kf5 74. Rf2+ Ke5 75. Re2+ Kf4 76. Rf2+ Kg5 77. Rg2+ Kh6 78. Rf2 Kg6
79. Rg2+ Kf7 80. Kc4 f5 81. Kc3 Kf6 82. Rd2 Rxd2 83. Kxd2 0-1

[Event "Mondiale Lampo FIDE 2019"]
[Site "Mosca"]
[Date "29.12.2019"]
[Round "4.99"]
[White "Miranda Neto, Jayme Amorim"]
[Black "Xu, Xiangyu"]
[Result "0-1"]
[WhiteTitle "CM"]
[BlackTitle "GM"]
[WhiteElo "2102"]
[BlackElo "2582"]
[WhiteFideId "2115964"]
[BlackFideId "8608288"]
[EventDate "2019.12.29"]

1. d4 Nf6 2. Nf3 g6 3. g3 Bg7 4. Bg2 d5 5. O-O O-O 6. Nbd2 c5 7. c3 Qc7 8. Nb3
c4 9. Nbd2 Nc6 10. Re1 Bf5 11. Nh4 Be6 12. e4 dxe4 13. Nxe4 Nxe4 14. Bxe4 Rad8
15. Qc2 Bd5 16. Bf4 Qb6 17. Ng2 e6 18. Re2 Ne7 19. Rae1 Bxe4 20. Qxe4 Nd5 21.
Bc1 Qa6 22. a3 Qc6 23. Qc2 b5 24. Ne3 Nf6 25. Ng2 Rd7 26. Re5 Nd5 27. R5e2 a5
28. Nf4 Ne7 29. Ng2 b4 30. axb4 axb4 31. Nf4 Rb8 32. Qe4 Qxe4 33. Rxe4 bxc3 34.
bxc3 Rb3 35. Bd2 Bf6 36. h4 h5 37. Ra1 Kg7 38. Ra8 Rb2 39. Be1 Rdb7 40. Kg2 Rc2
41. Re8 Nf5 42. d5 Nd6 43. dxe6 Nxe8 44. exf7 Kxf7 0-1

[Event "Mondiale Lampo FIDE 2019"]
[Site "Mosca"]
[Date "29.12.2019"]
[Round "4.100"]
[White "Lobanov, Sergei"]
[Black "Al Mutairi, Hassan S"]
[Result "1-0"]
[WhiteTitle "IM"]
[BlackTitle "CM"]
[WhiteElo "2504"]
[BlackElo "1883"]
[WhiteFideId "24183750"]
[BlackFideId "21500193"]
[EventDate "2019.12.29"]

1. e4 d6 2. d4 c6 3. Nc3 Nf6 4. f4 Qa5 5. Bd3 Bg4 6. Nf3 Nbd7 7. h3 Bxf3 8. Qxf3
e5 9. Be3 Be7 10. O-O Qc7 11. Rae1 b6 12. a4 O-O 13. g4 exd4 14. Bxd4 Nc5 15.
Bc4 Nxa4 16. e5 Ne8 17. Nxa4 b5 18. Bxb5 cxb5 19. Qxa8 bxa4 20. Qxa7 dxe5 21.
Qxc7 Nxc7 22. Bxe5 Bc5+ 23. Kg2 Ne6 24. f5 Ng5 25. h4 f6 26. hxg5 fxe5 27. Rxe5
Bd4 28. Re4 Bxb2 29. Rxa4 Rc8 30. c4 Bd4 31. Kf3 Re8 32. Rd1 Bc5 33. Ra5 Bb6 34.
Rb5 Bd8 35. Rb8 1-0

[Event "Mondiale Lampo FIDE 2019"]
[Site "Mosca"]
[Date "29.12.2019"]
[Round "4.101"]
[White "Gurvich, Vitaly"]
[Black "Al Ghamdi, Ahmed M"]
[Result "0-1"]
[WhiteTitle "FM"]
[BlackTitle "CM"]
[WhiteElo "2230"]
[BlackElo "2107"]
[WhiteFideId "24164852"]
[BlackFideId "21500150"]
[EventDate "2019.12.29"]

1. e4 e5 2. Nf3 Nc6 3. Bb5 a6 4. Bxc6 dxc6 5. O-O Bg4 6. d3 Qf6 7. Be3 Ne7 8. h3
h5 9. Nbd2 Ng6 10. Re1 Bd7 11. c3 O-O-O 12. d4 exd4 13. Bg5 Qe6 14. Nxd4 Qe8 15.
Bxd8 Qxd8 16. Nf5 Qf6 17. Nf3 Bc5 18. N3d4 Ne5 19. b4 Ba7 20. f4 Nc4 21. Kh1 g6
22. e5 Qd8 23. Ne3 Nxe3 24. Rxe3 g5 25. f5 g4 26. e6 Be8 27. Qf1 gxh3 28. Rxh3
fxe6 29. fxe6 Qd5 30. Qf3 Qc4 31. Re1 c5 32. bxc5 Bxc5 33. e7 Rg8 34. Rxh5 Bd6
35. Qh3+ Kb8 36. Rh4 Qxa2 37. Rg1 Rg3 38. Qe6 Qf2 39. Rh8 Ka7 40. Nb3 Bc6 41.
Qh6 0-1

[Event "Mondiale Lampo FIDE 2019"]
[Site "Mosca"]
[Date "29.12.2019"]
[Round "4.102"]
[White "Masrahi, Abdulrahman A"]
[Black "Gukesh, D"]
[Result "0-1"]
[WhiteTitle "CM"]
[BlackTitle "GM"]
[WhiteElo "1956"]
[BlackElo "2547"]
[WhiteFideId "21501564"]
[BlackFideId "46616543"]
[EventDate "2019.12.29"]

1. d4 Nf6 2. Nf3 d5 3. Bf4 e6 4. e3 Bd6 5. Bg3 O-O 6. Bd3 c5 7. c3 Qc7 8. Nbd2
Nbd7 9. Qe2 e5 10. dxe5 Nxe5 11. Nxe5 Bxe5 12. Nf3 Bxg3 13. hxg3 h6 14. Qc2 Re8
15. O-O-O Bg4 16. Bf5 Rad8 17. Rh4 Bxf5 18. Qxf5 Ne4 19. Rxd5 Nxf2 20. Rxd8 Qxd8
21. Nd2 Nd3+ 22. Kc2 Rxe3 23. Qf1 Re1 24. Qxd3 Rc1+ 0-1

[Event "Mondiale Lampo FIDE 2019"]
[Site "Mosca"]
[Date "29.12.2019"]
[Round "4.103"]
[White "Al Thebaiti, Ahmed M"]
[Black "Mesropov, Konstantin"]
[Result "0-1"]
[WhiteTitle "CM"]
[BlackTitle "IM"]
[WhiteElo "1976"]
[BlackElo "2422"]
[WhiteFideId "21502390"]
[BlackFideId "4116887"]
[EventDate "2019.12.29"]

1. e4 e6 2. d4 d5 3. Nd2 Nc6 4. c3 e5 5. exd5 Qxd5 6. dxe5 Qxe5+ 7. Qe2 Nf6 8.
Ngf3 Qxe2+ 9. Bxe2 Bd7 10. O-O h6 11. Nb3 O-O-O 12. Be3 Nd5 13. Bc5 Nf4 14. Bb5
a6 15. Bc4 Be6 16. Bxe6+ Nxe6 17. Be3 Bd6 18. Rad1 Rhe8 19. g3 f5 20. Kg2 f4 21.
Bc1 g5 22. g4 Ne5 23. Nxe5 Bxe5 24. Rfe1 Rxd1 25. Rxd1 Bf6 26. Re1 Kd7 27. Rd1+
Ke7 28. Re1 Kf7 29. Nd2 b5 30. Nf3 c5 31. Rd1 Rd8 32. Rxd8 Nxd8 33. h4 Ke6 34.
Bd2 Kd5 35. b3 Ke4 36. hxg5 hxg5 37. Ne1 c4 38. bxc4 bxc4 39. f3+ Kd5 40. Nc2
Nc6 41. Kf2 Be7 42. Ke2 Bc5 43. a3 a5 44. Bc1 Ne5 45. Bd2 0-1

[Event "Mondiale Lampo FIDE 2019"]
[Site "Mosca"]
[Date "29.12.2019"]
[Round "5.1"]
[White "Yu, Yangyi"]
[Black "Abdusattorov, Nodirbek"]
[Result "0-1"]
[WhiteTitle "GM"]
[BlackTitle "GM"]
[WhiteElo "2738"]
[BlackElo "2635"]
[WhiteFideId "8603820"]
[BlackFideId "14204118"]
[EventDate "2019.12.29"]

1. e4 e5 2. Nf3 Nc6 3. Nc3 Nf6 4. Bb5 Bc5 5. Bxc6 dxc6 6. d3 Nd7 7. Be3 Qe7 8.
Bxc5 Nxc5 9. Qd2 Bg4 10. Qe3 Bxf3 11. Qxf3 Ne6 12. O-O O-O 13. Ne2 c5 14. Qg3 f6
15. a4 Rad8 16. b3 a5 17. h3 b6 18. f3 g5 19. f4 exf4 20. Nxf4 Nd4 21. Rf2 Qe5
22. Nh5 Ne2+ 23. Rxe2 Qxa1+ 24. Kh2 Qe5 25. Rf2 Qxg3+ 26. Kxg3 Rd6 27. Rf5 Kf7
28. Kf3 Ke7 29. Ke3 c6 30. g4 Re6 31. Rf1 Re5 32. Ng3 Kd7 33. Nh5 Ke7 34. Ng3
Re6 35. Nf5+ Kd7 36. Ng3 Ra8 37. Nh5 Rf8 38. Ng3 b5 39. Ra1 Ra8 40. Nf5 Kc7 41.
Ng7 Re7 42. Nf5 Rd7 43. Ng3 c4 44. bxc4 bxc4 45. d4 Rb8 46. Rf1 Rb2 47. Rf2 c3
48. Nf5 Ra2 49. e5 fxe5 50. dxe5 Rxa4 51. e6 Rd5 52. e7 Kd7 53. Rf1 Rb4 54. Ra1
a4 55. Ra3 Rc5 56. Kd3 h5 57. Ra1 Re5 58. Kxc3 Rbe4 59. Rd1+ Rd5 60. Rb1 Rxf5
61. gxf5 Kxe7 62. Rb6 Re3+ 63. Kd4 Rxh3 64. Rxc6 g4 65. Ke5 Re3+ 66. Kf4 Re1 67.
f6+ Kf7 68. Kg5 g3 69. Rc7+ Kf8 70. Rc8+ Re8 71. Rc3 g2 72. Rg3 Kf7 73. Kf5 Rg8
74. Rc3 g1=Q 75. Rc7+ Ke8 76. f7+ Kd8 77. fxg8=Q+ Qxg8 0-1

[Event "Mondiale Lampo FIDE 2019"]
[Site "Mosca"]
[Date "29.12.2019"]
[Round "5.2"]
[White "Wojtaszek, Radoslaw"]
[Black "Carlsen, Magnus"]
[Result "0-1"]
[WhiteTitle "GM"]
[BlackTitle "GM"]
[WhiteElo "2725"]
[BlackElo "2872"]
[WhiteFideId "1118358"]
[BlackFideId "1503014"]
[EventDate "2019.12.29"]

1. d4 Nf6 2. c4 e6 3. Nf3 d5 4. Nc3 c5 5. cxd5 exd5 6. Bg5 Be6 7. e3 c4 8. Ne5
Be7 9. Be2 O-O 10. O-O Nfd7 11. Bxe7 Qxe7 12. Bf3 Nxe5 13. dxe5 Rd8 14. Nxd5
Bxd5 15. Bxd5 Nc6 16. e4 Nb4 17. Rc1 Rac8 18. Qd4 b5 19. f4 Rc5 20. Rfd1 Kf8 21.
a3 Nxd5 22. exd5 Rcxd5 23. Qxd5 Rxd5 24. Rxd5 a6 25. Rcd1 g6 26. g3 c3 27. bxc3
Qxa3 28. R1d3 Qb2 29. Rd7 Qe2 30. R3d6 a5 31. Ra6 Qe1+ 32. Kg2 Qe4+ 33. Kg1 a4
34. Raa7 Qc4 35. Kf2 Kg7 36. Rdc7 Qd5 37. Ke3 g5 38. Re7 gxf4+ 39. gxf4 Qc5+ 40.
Kd3 Qc4+ 41. Ke3 Qxc3+ 42. Ke4 Qc4+ 43. Kf5 Qc2+ 44. Kg4 Qg6+ 45. Kf3 Qd3+ 46.
Kg4 Kg6 47. Ra6+ Kg7 48. Raa7 h5+ 49. Kh4 Qf5 50. Kg3 Qg4+ 51. Kf2 Qxf4+ 52. Ke2
Kg6 53. Ra6+ Kg5 54. Rf6 Qe4+ 55. Kf2 a3 56. Rfxf7 a2 57. Rg7+ Kh4 58. Ra7 Qxe5 0-1

[Event "Mondiale Lampo FIDE 2019"]
[Site "Mosca"]
[Date "29.12.2019"]
[Round "5.4"]
[White "Grischuk, Alexander"]
[Black "Artemiev, Vladislav"]
[Result "0-1"]
[WhiteTitle "GM"]
[BlackTitle "GM"]
[WhiteElo "2777"]
[BlackElo "2731"]
[WhiteFideId "4126025"]
[BlackFideId "24101605"]
[EventDate "2019.12.29"]

1. e4 c6 2. d4 d5 3. e5 Bf5 4. Nf3 e6 5. Be2 Bg6 6. O-O Nh6 7. a4 Be7 8. a5 O-O
9. Bxh6 gxh6 10. Qd2 Nd7 11. c3 h5 12. b4 f6 13. Na3 Qc7 14. Qe3 fxe5 15. Nxe5
Nxe5 16. dxe5 a6 17. Rac1 c5 18. Nc2 Kh8 19. bxc5 Bxc2 20. Rxc2 Bxc5 21. Qh6
Qxe5 22. Bd3 Rf7 23. Re2 Qxc3 24. Qxe6 Raf8 25. Qxd5 Rxf2 26. Rexf2 Rxf2 27. Kh1
Rxf1+ 28. Bxf1 Qe3 29. Qd8+ Kg7 30. Qc7+ Kh6 0-1

[Event "Mondiale Lampo FIDE 2019"]
[Site "Mosca"]
[Date "29.12.2019"]
[Round "5.5"]
[White "Andreikin, Dmitry"]
[Black "Matlakov, Maxim"]
[Result "1/2-1/2"]
[WhiteTitle "GM"]
[BlackTitle "GM"]
[WhiteElo "2724"]
[BlackElo "2699"]
[WhiteFideId "4158814"]
[BlackFideId "4168003"]
[EventDate "2019.12.29"]

1. d4 Nf6 2. Nf3 d5 3. c4 e6 4. e3 Be7 5. Nc3 O-O 6. a3 b6 7. cxd5 exd5 8. b4 c6
9. Bb2 a5 10. b5 c5 11. Ne5 Bd6 12. Be2 Re8 13. Na4 Nbd7 14. Nxd7 Bxd7 15. dxc5
bxc5 16. O-O Rb8 17. Bxf6 Qxf6 18. Qxd5 Bxb5 19. Bxb5 Rxb5 20. Rad1 Bf8 21. Qc4
Reb8 22. Nc3 Rb3 23. Nd5 Qe5 24. a4 h6 25. g3 Rb2 26. Qa6 Rd8 27. Nf6+ gxf6 28.
Rxd8 Kg7 29. Qxa5 h5 30. Qa8 Qe7 31. Re8 Qd6 32. Rd8 Qe7 33. Rfd1 c4 34. R1d7
Qb4 35. Rd1 c3 36. Rxf8 Qxf8 37. Qe4 1/2-1/2

[Event "Mondiale Lampo FIDE 2019"]
[Site "Mosca"]
[Date "29.12.2019"]
[Round "5.6"]
[White "Dreev, Aleksey"]
[Black "Vidit, Santosh Gujrathi"]
[Result "1/2-1/2"]
[WhiteTitle "GM"]
[BlackTitle "GM"]
[WhiteElo "2677"]
[BlackElo "2721"]
[WhiteFideId "4100107"]
[BlackFideId "5029465"]
[EventDate "2019.12.29"]

1. d4 Nf6 2. Nf3 d5 3. c4 e6 4. Nc3 Bb4 5. cxd5 exd5 6. Bg5 O-O 7. e3 h6 8. Bxf6
Qxf6 9. Qb3 c5 10. a3 Bxc3+ 11. Qxc3 c4 12. b3 Be6 13. bxc4 dxc4 14. Be2 Nc6 15.
Bxc4 Nxd4 16. Qxd4 Qxd4 17. Nxd4 Bxc4 18. Kd2 Rac8 19. Rhc1 Rfd8 20. a4 Kf8 21.
a5 g6 22. Ra3 Bd5 23. f3 Rxc1 24. Kxc1 Rc8+ 25. Kd2 Ke7 26. e4 Bc4 27. Rc3 Kd7
28. h4 Bf1 29. Rb3 Ba6 30. Ke3 Rc5 31. Ra3 h5 32. Ra2 Ke7 33. Ra3 f6 34. Ra2
Rc3+ 35. Kf4 Rd3 36. Ra4 Rd2 37. g4 hxg4 38. fxg4 Rf2+ 39. Kg3 Rd2 40. h5 Kf7
41. hxg6+ Kxg6 42. Kf4 Rf2+ 43. Kg3 Rd2 44. Kf4 Rf2+ 45. Kg3 Rf1 46. Ne6 Bb5 47.
Rb4 Bc6 48. Nd8 Rg1+ 49. Kf3 Rf1+ 50. Ke2 Ra1 51. Nxc6 bxc6 52. Rc4 Rxa5 53.
Rxc6 Kg5 54. Ke3 Ra3+ 55. Kd4 a5 56. Ra6 a4 57. e5 fxe5+ 58. Kxe5 Ra1 59. Kd4
Rg1 60. Ra5+ Kh4 61. Kc3 Rxg4 62. Kb2 a3+ 63. Rxa3 Rg3 64. Rxg3 Kxg3 1/2-1/2

[Event "Mondiale Lampo FIDE 2019"]
[Site "Mosca"]
[Date "29.12.2019"]
[Round "5.7"]
[White "Duda, Jan-Krzysztof"]
[Black "Ponkratov, Pavel"]
[Result "1-0"]
[WhiteTitle "GM"]
[BlackTitle "GM"]
[WhiteElo "2758"]
[BlackElo "2632"]
[WhiteFideId "1170546"]
[BlackFideId "4157800"]
[EventDate "2019.12.29"]

1. d4 e6 2. c4 c5 3. d5 exd5 4. cxd5 Nf6 5. Nc3 d6 6. e4 g6 7. f4 Bg7 8. Bb5+
Nfd7 9. Be2 Qh4+ 10. g3 Qd8 11. Nf3 O-O 12. O-O Re8 13. Nd2 Nf6 14. g4 h6 15.
Bf3 Nbd7 16. a4 b6 17. Nc4 Bf8 18. h4 Ba6 19. b3 Nh7 20. g5 Bg7 21. Bd2 Qe7 22.
Qc2 hxg5 23. hxg5 Bxc4 24. bxc4 f6 25. gxf6 Qxf6 26. Nb5 Re7 27. e5 dxe5 28. d6
Ree8 29. Bxa8 Rxa8 30. Rae1 Qh4 31. Qd3 Qg4+ 32. Kh2 Qh5+ 33. Kg2 Rf8 34. Rf3 e4
35. Qxe4 Ndf6 36. Qe6+ Kh8 37. Rh3 Qg4+ 38. Qxg4 Nxg4 39. Reh1 Nf6 40. Nc7 Rd8
41. Bc3 Kg8 42. Ne6 Rxd6 43. Nxg7 Ne4 44. Rxh7 Nxc3 45. Ne8 Re6 46. Rg7+ 1-0

[Event "Mondiale Lampo FIDE 2019"]
[Site "Mosca"]
[Date "29.12.2019"]
[Round "5.8"]
[White "Fedoseev, Vladimir3"]
[Black "Tomashevsky, Evgeny"]
[Result "1/2-1/2"]
[WhiteTitle "GM"]
[BlackTitle "GM"]
[WhiteElo "2677"]
[BlackElo "2705"]
[WhiteFideId "24130737"]
[BlackFideId "4147235"]
[EventDate "2019.12.29"]

1. d4 Nf6 2. c4 e6 3. Nf3 d5 4. Nc3 Be7 5. Bf4 O-O 6. e3 Nbd7 7. cxd5 Nxd5 8.
Bg3 Nxc3 9. bxc3 b6 10. Bd3 Bb7 11. O-O Nf6 12. a4 Ne4 13. a5 Nxg3 14. hxg3 a6
15. Qb1 g6 16. Be4 Bxe4 17. Qxe4 Qd5 18. Qxd5 exd5 19. Ne5 b5 20. Nc6 Bd6 21.
Nb4 Bxb4 22. cxb4 c6 23. Rac1 Rac8 24. Rc5 Rfd8 25. Rfc1 Rd6 26. g4 g5 27. e4
dxe4 28. Rxg5+ Kf8 29. d5 Ke7 30. Re5+ Kd7 31. dxc6+ Rcxc6 32. Rxc6 Rxc6 33.
Rxe4 Rc4 34. f3 Kd6 35. Kf2 Kd5 36. Re7 Rxb4 37. Rxf7 Ra4 38. Rxh7 Rxa5 39. g5
Ke6 40. g4 b4 41. f4 b3 42. f5+ Ke5 43. g6 b2 44. Rb7 Rb5 45. Rxb5+ axb5 46. g7
b1=Q 47. g8=Q Kf4 48. Qd5 Qb2+ 49. Ke1 Kxg4 50. Qe4+ Kg5 51. Kd1 1/2-1/2

[Event "Mondiale Lampo FIDE 2019"]
[Site "Mosca"]
[Date "29.12.2019"]
[Round "5.9"]
[White "Jobava, Baadur"]
[Black "Petrosian, Tigran L."]
[Result "1-0"]
[WhiteTitle "GM"]
[BlackTitle "GM"]
[WhiteElo "2604"]
[BlackElo "2601"]
[WhiteFideId "13601520"]
[BlackFideId "13301616"]
[EventDate "2019.12.29"]

1. d4 d6 2. e4 Nf6 3. Nc3 g6 4. Be2 Bg7 5. h4 h5 6. Nf3 c6 7. Ng5 Qc7 8. a4 e5
9. Be3 Ng4 10. Bxg4 hxg4 11. d5 Qe7 12. f3 f6 13. Ne6 Bxe6 14. dxe6 f5 15. fxg4
Rxh4 16. Rxh4 Qxh4+ 17. Bf2 Qh1+ 18. Ke2 Qxd1+ 19. Rxd1 fxg4 20. Rxd6 Bf8 21.
Rd3 b6 22. Rg3 Ke7 23. Rxg4 Kxe6 24. Rxg6+ Kf7 25. Rg5 Nd7 26. Nb1 Bh6 27. Rf5+
Ke6 28. Rh5 Bc1 29. b3 Rg8 30. Rh1 Bf4 31. Kf3 Nf6 32. Nc3 Rd8 33. Ne2 Bg5 34.
Be3 Bxe3 35. Kxe3 Ng4+ 36. Kf3 Nf6 37. g4 Rd2 38. Rh6 Ke7 39. Ng3 Rxc2 40. g5
Rc3+ 41. Kg2 Ng4 42. Nf5+ Kf7 43. Rd6 Ne3+ 44. Kf2 Ng4+ 45. Ke2 Ke8 46. g6 Rxb3
47. g7 Kf7 48. Rd7+ 1-0

[Event "Mondiale Lampo FIDE 2019"]
[Site "Mosca"]
[Date "29.12.2019"]
[Round "5.10"]
[White "Mamedyarov, Shakhriyar"]
[Black "Sychev, Klementy"]
[Result "1-0"]
[WhiteTitle "GM"]
[BlackTitle "GM"]
[WhiteElo "2772"]
[BlackElo "2563"]
[WhiteFideId "13401319"]
[BlackFideId "4114060"]
[EventDate "2019.12.29"]

1. d4 Nf6 2. c4 g6 3. Nf3 Bg7 4. g3 d5 5. Bg2 c6 6. O-O dxc4 7. a4 a5 8. Na3 Na6
9. Nxc4 Be6 10. b3 Bd5 11. Bd2 Nb4 12. Bxb4 axb4 13. Qe1 c5 14. dxc5 Ne4 15.
Qxb4 Bc3 16. Qa3 Bxc4 17. bxc4 Bxa1 18. Qxa1 O-O 19. Qe5 Nf6 20. c6 bxc6 21. Nd4
Ra5 22. Qe3 Rxa4 23. Nxc6 Qc7 24. Nxe7+ Kg7 25. Nf5+ gxf5 26. Qg5+ Kh8 27. Qxf6+
Kg8 28. Qg5+ Kh8 29. Qf6+ Kg8 30. Bd5 Rb4 31. Ra1 Rb6 32. Qxf5 Rg6 33. Kg2 Qe7
34. e4 Kg7 35. Rb1 Rf6 36. Qg5+ Kh8 37. Qe3 Qe5 38. f4 Qe7 39. Rb7 Qd8 40. c5
Ra6 41. c6 Re8 42. Qc3+ f6 43. c7 Qe7 1-0

[Event "Mondiale Lampo FIDE 2019"]
[Site "Mosca"]
[Date "29.12.2019"]
[Round "5.11"]
[White "Aronian, Levon"]
[Black "Khusnutdinov, Rustam"]
[Result "0-1"]
[WhiteTitle "GM"]
[BlackTitle "GM"]
[WhiteElo "2775"]
[BlackElo "2491"]
[WhiteFideId "13300474"]
[BlackFideId "13701703"]
[EventDate "2019.12.29"]

1. d4 Nf6 2. Nf3 d5 3. Bf4 c5 4. e3 Nc6 5. Nbd2 Qb6 6. dxc5 Qxb2 7. Rb1 Qc3 8.
Bb5 e6 9. O-O Be7 10. Ne5 Bd7 11. Rb3 Qa5 12. c4 O-O 13. Ndf3 Rfd8 14. cxd5 Nxe5
15. Bxd7 Nexd7 16. c6 bxc6 17. dxc6 Nc5 18. c7 Rxd1 19. Rb8+ Rd8 0-1

[Event "Mondiale Lampo FIDE 2019"]
[Site "Mosca"]
[Date "29.12.2019"]
[Round "5.12"]
[White "Tari, Aryan"]
[Black "Sakaev, Konstantin"]
[Result "1/2-1/2"]
[WhiteTitle "GM"]
[BlackTitle "GM"]
[WhiteElo "2634"]
[BlackElo "2596"]
[WhiteFideId "1510045"]
[BlackFideId "4104226"]
[EventDate "2019.12.29"]

1. e4 c5 2. Ne2 d6 3. g3 d5 4. Bg2 d4 5. d3 Nc6 6. O-O e5 7. f4 f6 8. Nd2 Nh6 9.
h3 Nf7 10. a4 Be6 11. Nc4 Be7 12. Bd2 Nd6 13. b3 Qd7 14. Kh2 Nxc4 15. bxc4 a5
16. fxe5 fxe5 17. Ng1 O-O-O 18. Nf3 Bf6 19. Rb1 Nb4 20. Bg5 b6 21. Bxf6 gxf6 22.
Nh4 Rdf8 23. Ra1 Kb7 24. Qd2 Ka7 25. Rf2 Rf7 26. Nf5 Rhf8 27. h4 Nc6 28. Bf3 Rh8
29. Bh5 Rff8 30. Raf1 Nb4 31. Ra1 Nc6 32. Qe2 Nb8 33. Raf1 Qd8 34. Bg4 Bd7 35.
Nd6 Bxa4 36. Nb5+ Bxb5 37. cxb5 Rhg8 38. Be6 Rg6 39. Qh5 Qe7 40. Bd5 Nd7 41. Qf5
Kb8 42. Bc6 Kc7 43. Qf3 Nb8 44. Bd5 Nd7 45. Qd1 Rg7 46. Rf3 Rg6 47. Qb1 Qd6 48.
Qc1 Qe7 49. Qa1 Qd6 50. Qa2 Qe7 51. Bc6 Qd6 52. Qb1 Qe7 53. Bd5 Qd6 54. Qd1 Qe7
55. Rf5 Qg7 56. Qf3 Qe7 57. Rh5 Qg7 58. Be6 Qe7 59. Qf5 Rg7 60. Rh6 a4 61. Bd5
a3 62. Ra1 c4 63. Bxc4 Qb4 64. Qf2 Qc3 65. Rf1 Qb2 66. Qe1 Ra8 67. Qc1 1/2-1/2